UM Logo

Panimulang linggwistika/ (Record no. 6401)

MARC details
000 -LEADER
fixed length control field 00607nam a22001817a 4500
008 - FIXED-LENGTH DATA ELEMENTS--GENERAL INFORMATION
fixed length control field 170310b xxu||||| |||| 00| 0 eng d
020 ## - INTERNATIONAL STANDARD BOOK NUMBER
International Standard Book Number 9712301117
082 ## - DEWEY DECIMAL CLASSIFICATION NUMBER
Edition number 1979
Classification number DFil 499.211
Item number Sa5
100 ## - MAIN ENTRY--PERSONAL NAME
9 (RLIN) 19329
Personal name Santiago, Alfonso O.
245 ## - TITLE STATEMENT
Title Panimulang linggwistika/
Statement of responsibility, etc. Alfonso O. Santiago.
250 ## - EDITION STATEMENT
Edition statement 1979 edition
260 ## - PUBLICATION, DISTRIBUTION, ETC. (IMPRINT)
Place of publication, distribution, etc. Quezon City:
Name of publisher, distributor, etc. Rex Book Store,
Date of publication, distribution, etc. c1979.
300 ## - PHYSICAL DESCRIPTION
Extent iii, 177 pages:
Other physical details illustrations;
Dimensions 22 cm.
500 ## - GENERAL NOTE
General note Includes bibliographical references.
650 #0 - SUBJECT ADDED ENTRY--TOPICAL TERM
9 (RLIN) 19330
Topical term or geographic name as entry element Linguistics (Filipino)
650 #0 - SUBJECT ADDED ENTRY--TOPICAL TERM
9 (RLIN) 19331
Topical term or geographic name as entry element Filipino language
General subdivision Study and teaching.
942 ## - ADDED ENTRY ELEMENTS (KOHA)
Source of classification or shelving scheme Dewey Decimal Classification
Koha item type Filipiniana
Holdings
Withdrawn status Lost status Source of classification or shelving scheme Damaged status Not for loan Collection code Home library Current library Date acquired Source of acquisition Total Checkouts Full call number Barcode Date last seen Copy number Price effective from Koha item type
    Dewey Decimal Classification     Filipiniana UM Digos College - LIC UM Digos College - LIC 02/11/2004 Purchased   DFil 499.211 Sa5 1979 16635 03/10/2017 2 03/10/2017 Filipiniana
    Dewey Decimal Classification     Filipiniana UM Digos College - LIC UM Digos College - LIC 10/28/2003 Purchased   DFil 499.211 Sa5 1979 16634 08/17/2017 1 08/17/2017 Filipiniana